Państwa według dyscyplin sportowych w 60 sekund - Statystyki

Ogólne statystyki
  • Ten quiz został rozwiązany 8 321 razy
  • Średni wynik to 173 z 196
Odpowiedzi na mapie
Odpowiedzi zakodowano w zielono-czerwonej skali na mapie do tego quizu, zgodnie z poniższymi procentami.
 
Statystyki odpowiedzi
Państwo Sport % Poprawnych
Dżibuti | Albania | Algieria | +145 others Piłka Nożna
100%
Chiny | Estonia | Filipiny | +2 others Koszykówka
84%
Afganistan | Antigua i Bermuda | Bangladesz | +11 others Krykiet
65%
Finlandia | Kanada | Słowacja | Łotwa Hokej na lodzie
56%
Dominikana | Japonia | Korea Południowa | +6 others Baseball
55%
Papua Nowa Gwinea Rugby League
53%
Fidżi | Madagaskar | Nowa Zelandia | +2 others Rugby Union
53%
Bahamy | Stany Zjednoczone Futbol Amerykański
50%
Jamajka | Mikronezja Lekkoatletyka
9%
Australia | Nauru Futbol Australijski
8%
Mongolia Zapasy
8%
Bhutan Łucznictwo
6%
Irlandia Futbol Gaelicki
2%
Monako Wyścigi Samochodowe
1%
Nie znaleziono quizów pasujących do podanych kryteriów
Rozkład punktacji
Procent ludzi z każdym wynikiem
Percentyl według liczby udzielonych odpowiedzi
Twoja historia wyników
Nie rozwiązałeś tego quizu